Stazioni della metropolitana di Milano - morte improvvisa - Statistics

Statistiche generali
  • Questo quiz è stato fatto 95 volte
  • Il punteggio medio è 11 su 26
Answers on the Grid
Answers color-coded by a green-red scale on the quiz's grid according to % correct below.
Argonne
Bicocca
Bocconi
Bovisa
Buenos Aires
Cadorna
Cairoli
Cascina Gobba
Castello
City Life
Cordusio
Crescenzago
De Amicis
Famagosta
Gelsomini
Giambellino
Gioia
Gorgonzola
Ischia
Lambrate
Magenta
Manzoni
Molino Dorino
Navigli
Paderno Dugnano
Pasteur
Porta Genova
Porto di Mare
QT8
Repubblica
Romolo
San Babila
San Lorenzo
San Siro Stadio
Scala
Segesta
Segrate
Sesto Calende
Tibaldi
Tricolore
Villa San Giovanni
Vittorio Emanuele
Wagner
Washington
 
Statistiche sulle risposte
Risposta % Corretto
Bicocca
70%
Cadorna
70%
Cairoli
65%
Cordusio
61%
Famagosta
59%
Cascina Gobba
52%
Lambrate
52%
Argonne
50%
Gioia
50%
Crescenzago
46%
Pasteur
46%
Repubblica
46%
QT8
43%
San Babila
43%
San Siro Stadio
43%
Gorgonzola
39%
De Amicis
37%
Molino Dorino
37%
Porto di Mare
37%
Romolo
37%
Porta Genova
35%
Wagner
33%
Gelsomini
26%
Segesta
24%
Tricolore
24%
Villa San Giovanni
20%
Nessun quiz corrispondente trovato
Distribuzione punteggi
Percentuale di utenti per punteggio
Percentile per numero di risposta
I tuoi punteggi nel tempo
Non hai fatto questo quiz